| 000 | 00840nam a2200241Ia 4500 | ||
|---|---|---|---|
| 003 | GCL | ||
| 008 | 140319s9999 xx 000 0 ara d | ||
| 040 |
_aGCL / _cGCL |
||
| 082 | 0 | 4 |
_a962.04 _bا م |
| 100 | 1 | _aابراهيم شحاتة | |
| 245 | 1 | 0 |
_aمصر والسودان ووجه الثورة فى نصيحة احمد العوام / _cابراهيم شحاتة |
| 260 |
_a[S.N] : _bمؤسسة الثقافةالجامعية للطبع والنشر |
||
| 300 | _a312 ص | ||
| 490 | _a | ||
| 650 | 0 | 4 | _aالعصر الحديث |
| 650 | 0 | 4 | _aمصر |
| 650 | 0 | 4 | _aتاريخ |
| 650 | 0 | 4 | _aالسودان |
| 650 | 0 | 4 | _aالخديوى توفيق (1879 - 1892) |
| 650 | 0 | 4 | _aالثورة المهدية ( 1899-1882 ) |
| 650 | 0 | 4 | _aمصر - تاريخ - العصر الحديث - الثورة العرابية |
| 942 |
_2ddc _cBK |
||
| 999 |
_c59105 _d59105 |
||